000 00621nam a2200241Ia 4500
003 OSt
005 20221005113946.0
006 a|||||r|||| 00| 0
007 ta
008 221004b |||||||| |||| 00| 0 tel d
024 _a60405
037 _cTextual
040 _aCRL
_cCRL
_btel
041 _2tel
_atel
082 _aO35,3N222,1, 33L4
100 _aSastri Vishwanatha Au.
_9625235
245 0 _aAlpajeevi
260 _c1974
650 _a TELUGU LITERATURE
650 _aTELUGU FICTION
942 _hO35,3N222,1, 33L4
_cTEXL
_2cc
999 _c1029876
_d1029876